MARC

LEADER 00000nam0a2200000 4500
001 372403
005 20231102012455.0
035 |a (RuTPU)RU\TPU\retro\29826 
035 |a RU\TPU\book\207686 
090 |a 372403 
100 |a 20221214d1965 m y0rusy50 ca 
101 0 |a rus 
102 |a RU 
105 |a a j 001zy 
200 1 |a Лабораторный практикум по промежуточным продуктам и красителям  |e учебное пособие для вузов  |f Л. Н. Николенко 
210 |a Москва  |c Высшая школа  |d 1965 
215 |a 342 с.  |c ил. 
320 |a Предм. указ.: с. 330-338. 
606 1 |a Красители органические  |x Синтез  |2 stltpush  |3 (RuTPU)RU\TPU\subj\34931  |9 56752 
610 1 |a промежуточные продукты 
610 1 |a практические работы 
610 1 |a учебные пособия 
610 1 |a красители 
610 1 |a восстановление 
610 1 |a алкилирование 
610 1 |a окисление 
610 1 |a технический анализ 
675 |a 667.2(076.5)  |v 3 
700 1 |a Николенко  |b Л. Н.  |g Леонид Николаевич 
801 1 |a RU  |b 63413507  |c 20110126 
801 2 |a RU  |b 63413507  |c 20221214  |g RCR 
942 |c BK